La lectura: teoría, evaluación y desarrollo /
Guardado en:
| Autor Principal: | |
|---|---|
| Otros Autores: | |
| Formato: | Libro |
| Publicado: |
Santiago de Chile :
Andrés Bello,
1982
|
| Materias: | |
| Etiquetas: |
Agregar Etiqueta
Sin Etiquetas, Sea el primero en etiquetar este registro!
|
| LEADER | 00630nam a22002175a 4500 | ||
|---|---|---|---|
| 001 | CEM.cems000454 | ||
| 005 | 20060210000000.0 | ||
| 008 | 130507s1982##################000#0#####d | ||
| 003 | CEMS | ||
| 082 | 0 | 4 | |a 372.4 |
| 100 | 1 | |a Alliende, G. Felipe | |
| 245 | 1 | 0 | |a La lectura: teoría, evaluación y desarrollo / |
| 260 | |a Santiago de Chile : |b Andrés Bello, |c 1982 | ||
| 300 | |a 327 p. | ||
| 653 | |a Educacion | ||
| 653 | |a Educacion primaria | ||
| 653 | |a Lectura comprensiva | ||
| 653 | |a Lectura informativa | ||
| 653 | |a Lectura inicial | ||
| 700 | 1 | |a Condemarin, Mabel | |
| 859 | |a CEMS |b BIB. CEMS - 11 de abril |h 372.4 |i ALL55 |p 13001.84 |t Ej.1 | ||
